| 000 | 01164nam a2200241Ii 4500 | ||
|---|---|---|---|
| 003 | JO-AjNU | ||
| 005 | 20240629110300.0 | ||
| 008 | 230605s9999||||xx |||||||||||||| ||und|| | ||
| 040 |
_aJO-AjNU _bara _erda _cJO-AjNU |
||
| 041 | _aara | ||
| 050 | 1 | 4 | _aK7690 2022 |
| 100 | 1 |
_aالزعبي، احمد فراس احمد _eمعد _965778 |
|
| 245 | 0 | 0 |
_aسلطة القضاء في التدخل باجراءات التحكيم التجاري في القانون الأردني: دراسة مقارنة = Authority of the Judiciary in Intervene in Arbitration procedures in Jordanian Law: Comparative study / _cاعداد احمد فراس احمد الزعبي ؛ إشراف محمد علي بني مقداد |
| 260 | _c2022 | ||
| 300 | _a88 ورقة | ||
| 336 |
_atext _btxt _2rdacontent |
||
| 337 |
_aunmediated _bn _2rdamedia |
||
| 338 |
_avolume _bnc _2rdacarrier |
||
| 500 | _aرسالة جامعية(اطروحة ماجستير) تخصص القانون /كلية الحقوق، جامعة عجلون الوطنية، 2022 | ||
| 650 | 4 |
_aالتحكيم التجاري _963373 |
|
| 700 | 1 |
_aبني مقداد محمد علي _965779 _eمشرف |
|
| 942 |
_2lcc _cTHS |
||
| 999 |
_c32309 _d32309 |
||